<?xml version="1.0" encoding="UTF-8"?>
<record
    xmlns:xsi="http://www.w3.org/2001/XMLSchema-instance"
    xsi:schemaLocation="http://www.loc.gov/MARC21/slim http://www.loc.gov/standards/marcxml/schema/MARC21slim.xsd"
    xmlns="http://www.loc.gov/MARC21/slim">

  <leader>00326nam a22001217a 4500</leader>
  <datafield tag="040" ind1=" " ind2=" ">
    <subfield code="c">HS</subfield>
  </datafield>
  <datafield tag="082" ind1=" " ind2=" ">
    <subfield code="a">636</subfield>
  </datafield>
  <datafield tag="100" ind1=" " ind2=" ">
    <subfield code="a">&#x178C;&#x17BB;&#x1780; &#x1786;&#x17C1;&#x1784;</subfield>
  </datafield>
  <datafield tag="245" ind1=" " ind2=" ">
    <subfield code="a"> Ruminant production II : &#x1780;&#x17B6;&#x179A;&#x1785;&#x17B7;&#x1789;&#x17D2;&#x1785;&#x17B9;&#x1798;&#x179F;&#x178F;&#x17D2;&#x179C;&#x1791;&#x17C6;&#x1796;&#x17B6;&#x17A2;&#x17C0;&#x1784; II</subfield>
  </datafield>
  <datafield tag="260" ind1=" " ind2=" ">
    <subfield code="a">RUA</subfield>
    <subfield code="b">&#x178C;&#x17BB;&#x1780; &#x1786;&#x17C1;&#x1784;</subfield>
    <subfield code="c">2008</subfield>
  </datafield>
  <datafield tag="300" ind1=" " ind2=" ">
    <subfield code="a">37p;</subfield>
  </datafield>
  <datafield tag="942" ind1=" " ind2=" ">
    <subfield code="c">KB</subfield>
  </datafield>
  <datafield tag="999" ind1=" " ind2=" ">
    <subfield code="c">10172</subfield>
    <subfield code="d">10172</subfield>
  </datafield>
  <datafield tag="952" ind1=" " ind2=" ">
    <subfield code="0">0</subfield>
    <subfield code="1">0</subfield>
    <subfield code="4">0</subfield>
    <subfield code="6">636_000000000000000_&#x178C;&#x17BB;&#x1780;_2008_C020_OR</subfield>
    <subfield code="7">0</subfield>
    <subfield code="9">52593</subfield>
    <subfield code="a">LBC</subfield>
    <subfield code="b">LBC</subfield>
    <subfield code="c">C020</subfield>
    <subfield code="d">2016-09-21</subfield>
    <subfield code="o">636 &#x178C;&#x17BB;&#x1780; 2008 C020 Or.</subfield>
    <subfield code="p">RUA061339</subfield>
    <subfield code="r">2016-09-27</subfield>
    <subfield code="y">KB</subfield>
  </datafield>
</record>
